<?xml version="1.0" encoding="UTF-8"?>
<record
    xmlns:xsi="http://www.w3.org/2001/XMLSchema-instance"
    xsi:schemaLocation="http://www.loc.gov/MARC21/slim http://www.loc.gov/standards/marcxml/schema/MARC21slim.xsd"
    xmlns="http://www.loc.gov/MARC21/slim">

  <leader>01641cam a2200409 a 4500</leader>
  <datafield tag="952" ind1=" " ind2=" ">
    <subfield code="0">0</subfield>
    <subfield code="1">0</subfield>
    <subfield code="2">ddc</subfield>
    <subfield code="4">0</subfield>
    <subfield code="7">0</subfield>
    <subfield code="8">LIT</subfield>
    <subfield code="a">MES</subfield>
    <subfield code="b">MES</subfield>
    <subfield code="c">HIN</subfield>
    <subfield code="d">2019-10-28</subfield>
    <subfield code="g">275.00</subfield>
    <subfield code="l">0</subfield>
    <subfield code="o">891.4337 JHA/B</subfield>
    <subfield code="p">40707</subfield>
    <subfield code="r">2019-10-28 00:00:00</subfield>
    <subfield code="w">2019-10-28</subfield>
    <subfield code="y">BK</subfield>
    <subfield code="z">GR6R4</subfield>
  </datafield>
  <datafield tag="999" ind1=" " ind2=" ">
    <subfield code="c">40681</subfield>
    <subfield code="d">40681</subfield>
  </datafield>
  <controlfield tag="001">17161379</controlfield>
  <controlfield tag="003">OSt</controlfield>
  <controlfield tag="005">20200606120113.0</controlfield>
  <controlfield tag="007">ta</controlfield>
  <controlfield tag="008">111022s2011    ii            000 0 hinod</controlfield>
  <datafield tag="010" ind1=" " ind2=" ">
    <subfield code="a">  2011322826</subfield>
  </datafield>
  <datafield tag="020" ind1=" " ind2=" ">
    <subfield code="a">8174680225</subfield>
  </datafield>
  <datafield tag="020" ind1=" " ind2=" ">
    <subfield code="a">9788174680228</subfield>
  </datafield>
  <datafield tag="025" ind1=" " ind2=" ">
    <subfield code="a">I-H-2011-322826; 13</subfield>
  </datafield>
  <datafield tag="035" ind1=" " ind2=" ">
    <subfield code="a">(OCoLC)ocn761547877</subfield>
  </datafield>
  <datafield tag="035" ind1=" " ind2=" ">
    <subfield code="a">(OCoLC)761547877</subfield>
  </datafield>
  <datafield tag="037" ind1=" " ind2=" ">
    <subfield code="a">Library of Congress -- New Delhi Overseas Office</subfield>
  </datafield>
  <datafield tag="040" ind1=" " ind2=" ">
    <subfield code="a">DKAGE</subfield>
    <subfield code="b">eng</subfield>
    <subfield code="c">MESKC library</subfield>
    <subfield code="d">DLC</subfield>
  </datafield>
  <datafield tag="042" ind1=" " ind2=" ">
    <subfield code="a">lccopycat</subfield>
    <subfield code="a">lcode</subfield>
  </datafield>
  <datafield tag="050" ind1="0" ind2="0">
    <subfield code="a">PK2098.V38</subfield>
    <subfield code="b">T4353 2011</subfield>
  </datafield>
  <datafield tag="082" ind1="0" ind2="4">
    <subfield code="a">891.4337</subfield>
    <subfield code="2">23</subfield>
    <subfield code="b">JHA/B</subfield>
  </datafield>
  <datafield tag="100" ind1="1" ind2=" ">
    <subfield code="a">Jh&#x101;r&#x12B;, Kr&#x325;sh&#x1E47;adeva,</subfield>
    <subfield code="d">1927-</subfield>
    <subfield code="9">84</subfield>
  </datafield>
  <datafield tag="245" ind1="1" ind2="0">
    <subfield code="a">Bhagavat&#x12B;cara&#x1E47;a Varm&#x101; kr&#x325;ta, &#x1E6C;e&#x1E5B;he me&#x1E5B;he r&#x101;ste :</subfield>
    <subfield code="b">m&#x16B;ly&#x101;&#x1E45;kana /</subfield>
    <subfield code="c">Kr&#x325;sh&#x1E47;adeva Jh&#x101;r&#x12B;.</subfield>
  </datafield>
  <datafield tag="246" ind1="1" ind2=" ">
    <subfield code="i">Title on t.p. verso in roman:</subfield>
    <subfield code="a">Bhagwati Charan Verma krit, Tedhe medhe raste</subfield>
  </datafield>
  <datafield tag="246" ind1="1" ind2="7">
    <subfield code="a">Bhagavat&#x12B;cara&#x1E47;a Varm&#x101;--"&#x1E6C;e&#x1E5B;he, me&#x1E5B;he r&#x101;ste"</subfield>
  </datafield>
  <datafield tag="246" ind1="3" ind2="0">
    <subfield code="a">&#x1E6C;e&#x1E5B;he me&#x1E5B;he r&#x101;ste</subfield>
  </datafield>
  <datafield tag="250" ind1=" " ind2=" ">
    <subfield code="a">1. sa&#x1E43;skara&#x1E47;a.</subfield>
  </datafield>
  <datafield tag="260" ind1=" " ind2=" ">
    <subfield code="a">Na&#x12B; Dill&#x12B; :</subfield>
    <subfield code="b">Par&#x101;ga Prak&#x101;&#x15B;ana,</subfield>
    <subfield code="c">2011.</subfield>
  </datafield>
  <datafield tag="300" ind1=" " ind2=" ">
    <subfield code="a">178 p. ;</subfield>
    <subfield code="c">22 cm.</subfield>
  </datafield>
  <datafield tag="500" ind1=" " ind2=" ">
    <subfield code="a">"R&#x101;janaitika-s&#x101;m&#x101;jika upany&#x101;sa "&#x1E6C;e&#x1E5B;he me&#x1E5B;he r&#x101;ste" k&#x101; adhyayana eva&#x1E43; nav&#x101;locana"--Half t.p.</subfield>
  </datafield>
  <datafield tag="520" ind1=" " ind2=" ">
    <subfield code="a">Critical study of &#x1E6C;e&#x1E5B;he me&#x1E5B;he r&#x101;ste, novel by Bhagwati Charan Verma, 1903-1981, Hindi litterateur.</subfield>
  </datafield>
  <datafield tag="546" ind1=" " ind2=" ">
    <subfield code="a">In Hindi.</subfield>
  </datafield>
  <datafield tag="600" ind1="1" ind2="0">
    <subfield code="a">Varm&#x101;, Bhagavat&#x12B; Cara&#x1E47;a,</subfield>
    <subfield code="d">1903-1981.</subfield>
    <subfield code="t">&#x1E6C;e&#x1E5B;he-me&#x1E5B;he r&#x101;ste.</subfield>
  </datafield>
  <datafield tag="906" ind1=" " ind2=" ">
    <subfield code="a">7</subfield>
    <subfield code="b">cbc</subfield>
    <subfield code="c">copycat</subfield>
    <subfield code="d">3</subfield>
    <subfield code="e">ncip</subfield>
    <subfield code="f">20</subfield>
    <subfield code="g">y-gencatlg</subfield>
  </datafield>
  <datafield tag="942" ind1=" " ind2=" ">
    <subfield code="2">ddc</subfield>
    <subfield code="c">BK</subfield>
    <subfield code="h">891.4337</subfield>
    <subfield code="i">JHA/B</subfield>
    <subfield code="k">891.4337</subfield>
    <subfield code="m">JHA/B</subfield>
  </datafield>
</record>
